Т. 119, № 3; Физика металлов и металловедение

Detalles Bibliográficos
Parent link:Физика металлов и металловедение/ Российская академия наук (РАН), Уральское отделение (УрО), Институт физики металлов (ИФМ). Т. 119, № 3.— , 1955-
Sumario:Режим доступа: по договору с организацией-держателем ресурса
Lenguaje:ruso
Publicado: 2018
Acceso en línea:https://elibrary.ru/contents.asp?id=34837642
Formato: Electrónico Libro
KOHA link:https://koha.lib.tpu.ru/cgi-bin/koha/opac-detail.pl?biblionumber=577822

MARC

LEADER 00000nam2a2200000 4500
001 577822
005 20231101130425.0
035 |a (RuTPU)RU\TPU\prd\277232 
035 |a RU\TPU\prd\277230 
090 |a 577822 
100 |a 20180521a19559999k y0rusy50 ca 
101 0 |a rus 
102 |a RU 
181 0 |a i  
182 0 |a b 
200 0 |a Т. 119, № 3  |b Электронный ресурс 
203 |a Текст  |c электронный 
210 |d 2018 
333 |a Режим доступа: по договору с организацией-держателем ресурса 
461 1 |0 (RuTPU)RU\TPU\prd\406  |t Физика металлов и металловедение  |f Российская академия наук (РАН), Уральское отделение (УрО), Институт физики металлов (ИФМ)  |v Т. 119, № 3  |d 1955- 
801 0 |a RU  |b 63413507  |c 20010227  |g PSBO 
801 1 |a RU  |b 63413507  |c 20170713 
801 2 |a RU  |b 63413507  |c 20220224  |g RCR 
856 4 0 |u https://elibrary.ru/contents.asp?id=34837642 
942 |c BK